| 000 | 00838nam a2200229 a 4500 | ||
|---|---|---|---|
| 001 | 39072 | ||
| 003 | BD-RjUL | ||
| 005 | 20211209052918.0 | ||
| 008 | 160404s2011 bg ||||| |||| 00| 0 ben d | ||
| 020 |
_a9840749943 _c: Tk.300.00 |
||
| 035 | _a(BD-RjUL)39184 | ||
| 040 |
_aBD-RjUL _bben _cBD-RjUL |
||
| 041 | _aben | ||
| 082 |
_223 _a891.4414 _bSHC 2011 |
||
| 100 |
_aশাকুর, আবদুশ. _9120590 |
||
| 245 | 1 | 0 |
_aচিরনতুন রবীন্দ্রনাথ / _cআবদুশ শাকুর. |
| 260 |
_aঢাকা : _bবাংলা একাডেমী ; _c২০১১. |
||
| 300 |
_a৩১৯ পৃ. ; _c২১ সেমি. |
||
| 650 |
_a ঠাকুর, রবীন্দ্রনাথ _9120592 _y১৮৪৫-১৮৬১ |
||
| 650 |
_aTagore, Rabindranath _9117834 _y1845-1861 |
||
| 942 |
_2ddc _cBK |
||
| 999 |
_c39072 _d39072 |
||